01110nam a2200193Ia 4500001001100000003001000011008004100021040002500062041001300087100001500100245004300115250001100158260006900169300001200238500026000250501011400510520026000624650003200884L890-39632IT-CnALBA170116s9999||||xx |||||||||||||| ||und|| aIT-CnALBAcIT-CnALBA aITALIANO aSE, AUTORE 0aLA FENICE E ALTRI POEMI ANGLOSASSONI.  a1a ed. aMILANObSE, SRL. c1998 [1° Ed.:1998 - Ed.Ling.Originale: 1998] a127 p.  aCURATORE SANESI R. CONOSCENZA RELIGIOSA. IL SOGNO DELLA CROCE DI S. ELENA. CRISTO. LA FENICE. SANTA GIULIANA. BESTIARIO. ANIMA E CORPO. CARITÀ. L'ESERCITO DEL FARAONE. L< PREGHIERA DEL SIGNORE. ESORCISMI, GLI INCANTESIMI. PREFAZIONE. L'INNO DI CAEDMON.  aSocietà San Paolo EM - Piazza San Paolo, 14 - 12051 ALBA (CN) (non commercial uses only) ® Copyright 2017 aCURATORE SANESI R. CONOSCENZA RELIGIOSA. IL SOGNO DELLA CROCE DI S. ELENA. CRISTO. LA FENICE. SANTA GIULIANA. BESTIARIO. ANIMA E CORPO. CARITÀ. L'ESERCITO DEL FARAONE. L< PREGHIERA DEL SIGNORE. ESORCISMI, GLI INCANTESIMI. PREFAZIONE. L'INNO DI CAEDMON.  aLETTERATURE IN ALTRE LINGUE